| 000 | 00692nab a2200193 4500 | ||
|---|---|---|---|
| 001 | 244442 | ||
| 003 | OSt | ||
| 005 | 20240213125634.0 | ||
| 007 | tu | ||
| 008 | 200917s2020||||||| | ||
| 040 |
_aDE-2950 _cDE-2950 |
||
| 245 | 0 | 0 |
_aVerschwundene Kunstwerke geben Rätsel auf _bVerschollen. Der Maler Manfred Neumann vermisst sechs seiner Bilder. Einst im Besitz der Stadt verliert sich ihre Spur nach 1990. Auch Nachforschungen führten ins Leere/ _cChristina Pekel |
| 264 | _c2024 | ||
| 653 | _aFrankfurt (Oder) | ||
| 653 | _aManfred Neumann | ||
| 653 | _averschwundene Bilder | ||
| 773 | 0 |
_g35. Jahrgang (2024) Nr. 32 vom 07.02.2024, S. 15 mit Foto _tMärkische Oderzeitung |
|
| 942 |
_2z _cA |
||
| 999 |
_c372968 _d372968 |
||